| 000 | 02062cam a22004457i 4500 | ||
|---|---|---|---|
| 999 |
_c284 _d284 |
||
| 001 | 18671787 | ||
| 003 | OSt | ||
| 005 | 20190805110332.0 | ||
| 008 | 150624t20152015enka b 001 0 eng d | ||
| 010 | _a 2015944817 | ||
| 015 |
_aGBB389105 _2bnb |
||
| 020 |
_a9780199602667 _q(paperback) |
||
| 020 |
_a0199602662 _q(paperback) |
||
| 035 | _a(OCoLC)ocn932859524 | ||
| 040 |
_aEQO _beng _cEQO _erda _dOCLCO _dOCLCF _dZPP _dIHX _dMHD _dXII _dVP@ _dS3O _dDLC |
||
| 042 | _alccopycat | ||
| 082 | 0 | 4 |
_a523.887 BLU _223 |
| 100 | 1 |
_aBlundell, Katherine M., _eauthor. |
|
| 245 | 1 | 0 |
_aBlack holes : _ba very short introduction / _cKatherine Blundell. |
| 250 | _aFirst edition. | ||
| 264 | 1 |
_aOxford, United Kingdom : _bOxford University Press, _c2015. |
|
| 264 | 4 | _c©2015 | |
| 300 |
_axix, 100 pages : _billustrations (black & white) ; _c18 cm. |
||
| 336 |
_atext _btxt _2rdacontent |
||
| 337 |
_aunmediated _bn _2rdamedia |
||
| 338 |
_avolume _bnc _2rdacarrier |
||
| 490 | 1 | _aVery short introductions | |
| 504 | _aIncludes bibliographical references and index. | ||
| 520 | _aBlack holes are a constant source of fascination to many due to their mysterious nature. ThisVery Short Introduction, addresses a variety of questions, including what a black hole actually is, how they are characterized and discovered, and what would happen if you came too close to one. --Publisher | ||
| 650 | 0 | _aBlack holes (Astronomy) | |
| 650 | 7 |
_aBlack holes (Astronomy) _2fast _0(OCoLC)fst00833708 |
|
| 650 | 7 |
_aSvarta hål. _2sao |
|
| 830 | 0 | _aVery short introductions. | |
| 856 | 4 | 2 |
_3Contributor biographical information _uhttps://www.loc.gov/catdir/enhancements/fy1614/2015944817-b.html |
| 856 | 4 | 2 |
_3Publisher description _uhttps://www.loc.gov/catdir/enhancements/fy1614/2015944817-d.html |
| 856 | 4 | 1 |
_3Table of contents only _uhttps://www.loc.gov/catdir/enhancements/fy1614/2015944817-t.html |
| 906 |
_a7 _bcbc _ccopycat _d2 _encip _f20 _gy-gencatlg |
||
| 942 |
_2ddc _cNFIC |
||